000 01300cac a22002891u 4500
090 _c4512
008 081106t1995 xxu||||| |||| 00| 0 eng d
010 _a95005368
020 _a0335193188 (pb)
020 _a0335193196 (hb)
082 0 0 _a155.67
_bS6314
100 _aSlater, Robert,
245 1 4 _aThe psychology of growing old :
_blooking forward /
_cRobert Slater.
260 _aBuckingham ;
_aPhiladelphia :
_bOpen University Press,
_c1995.
300 _axi, 161 p. ;
_c24 cm.
440 0 _aRethinking ageing series
504 _aIncludes bibliographical references (p. [147]-157) and index.
650 0 _aAging
_xPsychological aspects.
650 0 _aOlder people
_xPsychology.
650 0 _aAging
_zGreat Britain
_xPsychological aspects.
650 0 _aOlder people
_zGreat Britain
_xPsychology.
856 4 2 _3Publisher description
_uhttp://www.loc.gov/catdir/description/mh051/95005368.html
856 4 2 _3Contributor biographical information
_uhttp://www.loc.gov/catdir/bios/mh051/95005368.html
856 4 2 _3Table of contents
_uhttp://www.loc.gov/catdir/toc/mh051/95005368.html
942 _cBB
_k155.67S6314
_2ddc
999 _c4512
_d4512